|
|
|
|
| LEADER |
02623nam a22003257a 4500 |
| 001 |
44983 |
| 003 |
BD-DhAAL |
| 008 |
251026b2025 bg a|||| |||| 00| 0 eng d |
| 040 |
|
|
|a BD-DhAAL
|c BD-DhAAL
|
| 041 |
|
|
|a ben
|a eng
|
| 082 |
|
|
|a 370.72
|2 23
|
| 245 |
|
|
|a গবেষনা সংকলন ২০২৫ /
|c সম্পাদক মোঃ আমিনুর রহমান; মোহাম্মদ আবদুর রশিদ; মোঃ আলাউদ্দীন.
|
| 246 |
|
|
|a Research compilation 2025
|
| 260 |
|
|
|a ঢাকা :
|b উচ্চশিক্ষা ও গবেষণা ইনস্টিটিউট, যশোর বিজ্ঞান ও প্রযুক্তি বিশ্ববিদ্যালয়,
|c ২০২৫.
|
| 300 |
|
|
|a xxxii, 260 pages :
|b illustrations ;
|c 28 cm.
|
| 500 |
|
|
|a Jashore University of Scince & Technology
|
| 541 |
|
|
|a Complimentary copy from Professor Dr. Md. Aminur Rahman, Director (Institute for higher education and research) Jashore University of Science and Technology
|e 44983, 44984
|
| 650 |
|
|
|a Education
|x Research.
|
| 650 |
|
|
|a Education, Higher.
|
| 650 |
|
|
|a Continuing education.
|
| 650 |
|
|
|a Education.
|
| 700 |
|
|
|a রহমান, মোঃ আমিনুর.
|9 59742
|
| 700 |
|
|
|a রশিদ, মোহাম্মদ আবদুর.
|9 59743
|
| 700 |
|
|
|a মোঃ আলাউদ্দীন.
|9 59744
|
| 710 |
|
|
|a উচ্চশিক্ষা ও গবেষণা ইনস্টিটিউট,
|b যশোর বিজ্ঞান ও প্রযুক্তি বিশ্ববিদ্যালয়.
|9 59741
|
| 852 |
|
|
|a Ayesha Abed Library
|c General Stacks
|
| 942 |
|
|
|2 ddc
|c BK
|
| 999 |
|
|
|c 47611
|d 47611
|
| 952 |
|
|
|0 0
|1 0
|2 ddc
|4 0
|6 370_720000000000000_GAB
|7 0
|9 78405
|a BRACUL
|b BRACUL
|c NEW
|d 2025-10-26
|e Complimentary copy from Professor Dr. Md. Aminur Rahman, Director (Institute for higher education and research) Jashore University of Science and Technology
|l 0
|o 370.72 GAB
|p 3010044983
|r 2025-10-26
|t 1
|w 2025-10-26
|y BK
|x Complimentary copy received from Professor Dr. Md. Aminur Rahman, Director, Institute for higher education and research (JUST) on 16 October 2025;
|
| 952 |
|
|
|0 0
|1 0
|2 ddc
|4 0
|6 370_720000000000000_GAB
|7 1
|9 78406
|a BRACUL
|b BRACUL
|c REF
|d 2025-10-26
|e Complimentary copy from Professor Dr. Md. Aminur Rahman, Director (Institute for higher education and research) Jashore University of Science and Technology
|l 0
|o 370.72 GAB
|p 3010044984
|r 2025-10-27
|t 2
|w 2025-10-26
|y BK
|x Complimentary copy received from Professor Dr. Md. Aminur Rahman, Director, Institute for higher education and research (JUST) on 16 October 2025;
|